Bibliografía geográfica de la ciudad de Barcelona : tomo I / Montserrat Galera Monegal ; prólogo de J. Vilá Valentí tomo I / Montserrat Galera Monegal ; prólogo de J. Vilá Valentí
Descripción Física:
90 p., [8] f. de map., negre i col. ; 27 cm
MARC
| LEADER | 00000nam a2200000Ia 4500 | ||
|---|---|---|---|
| 001 | 1836 | ||
| 008 | 160829s1973 xx 000 0 cat d | ||
| 080 | |a A-1-18 | ||
| 100 | |a Galera Monegal, Montserrat |9 36950 | ||
| 245 | |a Bibliografía geográfica de la ciudad de Barcelona : |b tomo I / Montserrat Galera Monegal ; prólogo de J. Vilá Valentí | ||
| 260 | |a Barcelona : |b Ayuntamiento de Barcelona : |b Departamento de Geografía del C.S.I.C., |c 1973 | ||
| 300 | |a 90 p., [8] f. de map., negre i col. ; |c 27 cm | ||
| 650 | |a Barcelona |x Geografia |9 36951 | ||
| 650 | |a Barcelona |x Mapes |9 29812 | ||
| 650 | |a Barcelona |x Bibliografia |9 31161 | ||
| 700 | |a Vilà Valentí, J. |q (Joan), |d 1925-2020 |e autor del pròleg |9 1542 | ||
| 700 | |a Consejo Superior de Investigaciones Científicas. Departamento de Geografía |9 36953 | ||
| 710 | 1 | |a Barcelona (Catalunya). |b Ajuntament |9 50981 | |
| 901 | |a Arxiu | ||
| 942 | |n 1 |2 udc | ||
| 952 | |0 0 |1 0 |4 0 |6 A118 |7 1 |9 47584 |a Arxiu |b Arxiu |d 2016-12-01 |l 0 |o A-1-18 |p 1836 |r 2016-12-01 00:00:00 |w 2016-12-01 |y ARXIU | ||
| 999 | |c 51383 |d 51383 | ||